| 000 | 00396nam a2200145Ia 4500 | ||
|---|---|---|---|
| 008 | 151213s9999 xx 000 0 und d | ||
| 100 | _aKeith A . Sverdnup | ||
| 245 |
_aAn Introduction to the Worlds Oceans _cKeith A . Sverdnup |
||
| 260 |
_aBoston _bMc Graw Hill _c2003 |
||
| 300 | _a2012 p. | ||
| 650 | _aGeography Oceans | ||
| 650 | _aReference | ||
| 700 | _aKeith A . Sverdnup | ||
| 999 |
_c1472 _d1472 |
||